|
|
|
|
| LEADER |
00000nas a2200000 a 4500 |
| 001 |
ssj0011993 |
| 003 |
WaSeSS |
| 005 |
20200512172242.0 |
| 006 |
m d |
| 007 |
cr n |
| 008 |
050614c19059999vauqx p s o 0 a0eng c |
| 010 |
|
|
|a 2006236668
|
| 016 |
7 |
|
|a 978888286
|2 DE-101
|
| 016 |
7 |
|
|a 2226200-3
|2 DE-600
|
| 022 |
|
|
|a 2327-5812
|y 0009-8353
|
| 035 |
|
|
|a (WaSeSS)ssj0011993
|
| 040 |
|
|
|a OCLCS
|b eng
|c OCLCS
|d EYM
|d HUL
|d OCLCQ
|d GWDNB
|d OCLCQ
|d GBVCP
|d OCLCQ
|d OCLCO
|d DLC
|d OCLCF
|d OCLCO
|d OCLCQ
|d DEBBG
|d GILDS
|d OCLCO
|d VT2
|d WaSeSS
|
| 042 |
|
|
|a pcc
|a nsdp
|
| 050 |
1 |
4 |
|a PA1
|
| 082 |
0 |
0 |
|a 880/.05
|2 23
|
| 130 |
0 |
|
|a Classical journal (Online)
|
| 222 |
|
4 |
|a The classical journal
|b (Online)
|
| 245 |
1 |
4 |
|a The classical journal
|h [electronic resource].
|
| 260 |
|
|
|a Chicago, Ill. :
|b University of Chicago Press,
|c 1905-
|
| 310 |
|
|
|a Bimonthly, Oct. to May,
|b Oct./Nov. 1970-
|
| 321 |
|
|
|a Monthly, Nov. to June,
|b 1905-June 1910
|
| 321 |
|
|
|a Monthly, Oct. to June,
|b Oct. 1910-June 1945
|
| 321 |
|
|
|a Monthly, Oct. to May,
|b Oct. 1945-May 1970
|
| 362 |
0 |
|
|a Vol. 1, no. 1 (Dec. 1905)-
|
| 500 |
|
|
|a Title from caption (JSTOR, viewed Mar. 8, 2006).
|
| 500 |
|
|
|a Vols. for June 1906- published by the Classical Association of the Middle West and South (Dec. 1907-Dec./Jan. 1996 in cooperation with other similar associations).
|
| 500 |
|
|
|a Place of publication varies.
|
| 506 |
|
|
|a License restrictions may limit access.
|
| 538 |
|
|
|a Mode of access: World Wide Web.
|
| 588 |
|
|
|a Latest issue consulted: Vol. 108, No. 3 (Feb./Mar. 2013) (JSTOR website, viewed Mar. 22, 2013).
|
| 650 |
|
0 |
|a Classical philology
|v Periodicals.
|
| 650 |
|
7 |
|a Classical philology.
|2 fast
|0 (OCoLC)fst00863532
|
| 651 |
|
7 |
|a Latein.
|2 swd
|0 (DE-101)041143647
|
| 651 |
|
7 |
|a Griechisch.
|2 swd
|0 (DE-101)041137914
|
| 655 |
|
0 |
|a Electronic journals.
|
| 710 |
2 |
|
|a Classical Association of the Middle West and South.
|
| 776 |
1 |
|
|t Classical journal
|x 0009-8353
|w (DLC) 08006753
|w (OCoLC)1554844
|
| 856 |
4 |
0 |
|z Full text available from Research Library: 10/01/2019 to present
|u https://search.proquest.com/publication/4560799
|